Metric System Prefixes - Statistics

General Stats
  • This quiz has been taken 42 times
  • The average score is 14 of 16
Answer Stats
Hint Answer % Correct
Deca 1
100%
Deci -1
100%
Hecto 2
84%
Centi -2
84%
Kilo 3
84%
Milli -3
84%
Mega 6
84%
Micro -6
84%
Giga 9
84%
Nano -9
84%
Tera 12
82%
Pico -12
82%
Peta 15
82%
Femto -15
82%
Exa 18
82%
Atto -18
82%
No matching quizzes found
Score Distribution
Percent of People with Each Score
Percentile by Number Answered
Your Score History
You have not taken this quiz